effect of using urea in different rates on bunching onion in crop station at royal university of agriculture ប្រសិទ្ធភាពនៃការប្រើប្រាស់ជីអ៊ុយរ៉េក្នុងកម្រិតផ្សេងៗគ្នាលើដំណាំខ្ទឹមស្លឹក នៅស្ថានីយ៍ពិសោធន៍ដំណាំសាកលវិទ្យាល័យភូមិន្ទកសិកម្ម (Record no. 18201)

000 -LEADER
fixed length control field 00858nam a22001337a 4500
040 ## - CATALOGING SOURCE
Transcribing agency RUA
082 ## - DEWEY DECIMAL CLASSIFICATION NUMBER
Classification number AGR SOM 2017 B646 Or.1
100 ## - MAIN ENTRY--AUTHOR NAME
Personal name SOM CHANNY សុម​ ចាន់នី
245 ## - TITLE STATEMENT
Title effect of using urea in different rates on bunching onion in crop station at royal university of agriculture ប្រសិទ្ធភាពនៃការប្រើប្រាស់ជីអ៊ុយរ៉េក្នុងកម្រិតផ្សេងៗគ្នាលើដំណាំខ្ទឹមស្លឹក នៅស្ថានីយ៍ពិសោធន៍ដំណាំសាកលវិទ្យាល័យភូមិន្ទកសិកម្ម
260 ## - PUBLICATION, DISTRIBUTION, ETC. (IMPRINT)
Place of publication RUA
Name of publisher Phnom penh
Year of publication 2017
300 ## - PHYSICAL DESCRIPTION
Number of Pages xi;31p
Other physical details ill;
Dimensions 29cm
856 ## - ELECTRONIC LOCATION AND ACCESS
Uniform Resource Identifier https://drive.google.com/file/d/1qhaQOqNM8gGGwmamMen-SVIJNJ4B4Gj0/view?usp=sharing
942 ## - ADDED ENTRY ELEMENTS (KOHA)
Koha item type AGR
952 ## - LOCATION AND ITEM INFORMATION (KOHA)
Withdrawn status [LOCAL, KOHA] 0
952 ## - LOCATION AND ITEM INFORMATION (KOHA)
Withdrawn status [LOCAL, KOHA] 0
952 ## - LOCATION AND ITEM INFORMATION (KOHA)
Withdrawn status [LOCAL, KOHA] 0
952 ## - LOCATION AND ITEM INFORMATION (KOHA)
Withdrawn status [LOCAL, KOHA] 0
952 ## - LOCATION AND ITEM INFORMATION (KOHA)
Withdrawn status [LOCAL, KOHA] 0
952 ## - LOCATION AND ITEM INFORMATION (KOHA)
Withdrawn status [LOCAL, KOHA] 0
Holdings
Permanent Location Date acquired Koha item type Lost status Shelving location Barcode Current Location Full call number
Library Block B2019-08-27AGR B646A44042Library Block BAGR SOM 2017 B646 Or.1
Library Block B2019-08-27AGR B646A44117Library Block BAGR SOM 2017 B646 Or.2
Library Block B2019-08-27AGR B646A42549Library Block BAGR SOM 2017 B646 Or.3
Library Block B2019-08-27AGR B646A42604Library Block BAGR SOM 2017 B646 Or.4
Library Block B2019-08-27AGR B646A42679Library Block BAGR SOM 2017 B646 Or.5
Library Block B2019-08-27AGR B646A44596Library Block BAGR SOM 2017 B646 Or.6
មជ្ឈមណ្ឌលឯការនៃសាកលវិទ្យាល័យភូមិន្ទកសិកម្មចំការដូង

Powered by Koha